| 000 | 00369 a2200157 4500 | ||
|---|---|---|---|
| 005 | 20260311155251.0 | ||
| 008 | 251223b |||||||| |||| 00| 0 eng d | ||
| 020 | _a9788416239931 | ||
| 082 | _a721.04/LIN | ||
| 100 |
_aLinks _9217031 |
||
| 245 | _aMaterials & New Possiblities | ||
| 260 |
_blinks _c2016 |
||
| 300 |
_a251p _bHB |
||
| 500 | _aMaterials | ||
| 942 | _cDS | ||
| 999 |
_c369610 _d369610 |
||